000 00306 a2200145 4500
001 174811
020 _a
040 _cMagnum
100 _aGomide, Julio Borges
240 1 0 _aJonas, o macaquinho
_lpor
245 1 0 _aJonas, o macaquinho
362 0 _a1899
697 _aIJ/FADAS, FANTASIA
942 _cBK
999 _c174811
_d174811